Educational psychology : (Record no. 167773)
[ view plain ]
| 000 -LEADER | |
|---|---|
| fixed length control field | 01273cam a2200289 a 4500 |
| 001 - CONTROL NUMBER | |
| control field | 000460703 |
| 003 - CONTROL NUMBER IDENTIFIER | |
| control field | AM-YeHGA |
| 005 - DATE AND TIME OF LATEST TRANSACTION | |
| control field | 20250617133601.0 |
| 008 - FIXED-LENGTH DATA ELEMENTS--GENERAL INFORMATION | |
| fixed length control field | 030103s2004 njua|||||b||||001|0|eng|d |
| 020 ## - INTERNATIONAL STANDARD BOOK NUMBER | |
| International Standard Book Number | 0131108409 (paper) |
| 040 ## - CATALOGING SOURCE | |
| Original cataloging agency | AM-YeHGA |
| 041 0# - LANGUAGE CODE | |
| Language code of text/sound track or separate title | eng |
| 090 ## - LOCALLY ASSIGNED LC-TYPE CALL NUMBER (OCLC); LOCAL CALL NUMBER (RLIN) | |
| -- | 169203 |
| 100 1# - MAIN ENTRY--PERSONAL NAME | |
| Personal name | Eggen, Paul D., |
| Dates associated with a name | 1940- |
| 245 10 - TITLE STATEMENT | |
| Title | Educational psychology : |
| Remainder of title | Windows on classrooms / |
| Statement of responsibility, etc. | Paul Eggen, Don Kauchak. |
| 246 1# - VARYING FORM OF TITLE | |
| Display text | Title on CD-ROM: |
| Title proper/short title | Simulations in educational psychology and research |
| 250 ## - EDITION STATEMENT | |
| Edition statement | 6th ed. |
| 260 ## - PUBLICATION, DISTRIBUTION, ETC. | |
| Place of publication, distribution, etc. | Upper Saddle River, N.J. : |
| Name of publisher, distributor, etc. | Pearson/Merrill Prentice Hall, |
| Date of publication, distribution, etc. | 2004. |
| 300 ## - PHYSICAL DESCRIPTION | |
| Extent | xxii, 650 p. : |
| Other physical details | ill. (chiefly col.) ; |
| Dimensions | 28 cm + |
| Accompanying material | CD-ROM |
| 500 ## - GENERAL NOTE | |
| General note | Accompanied by 1 CD-ROM (4 3/4 in.): Simulations in educational psychology and research. Version 2.1./ Stuart Garry, Jason Cole, Jeanne Ellis Ormrod. |
| 538 ## - SYSTEM DETAILS NOTE | |
| System details note | System requirements for accompanying CD-ROM: Windows 98 or Higher/Macintosh. |
| 504 ## - BIBLIOGRAPHY, ETC. NOTE | |
| Bibliography, etc. note | Includes bibliogr. references (p. 587-624) and indexes |
| 650 #0 - SUBJECT ADDED ENTRY--TOPICAL TERM | |
| Topical term or geographic name entry element | Educational psychology |
| General subdivision | Study and teaching (Higher) |
| Geographic subdivision | United States |
| 650 #0 - SUBJECT ADDED ENTRY--TOPICAL TERM | |
| Topical term or geographic name entry element | Learning, Psychology of |
| Form subdivision | Case studies. |
| 700 1# - ADDED ENTRY--PERSONAL NAME | |
| Personal name | Kauchak, Donald P., |
| Dates associated with a name | 1946- |
| 700 12 - ADDED ENTRY--PERSONAL NAME | |
| Personal name | Garry, Stuart. |
| Title of a work | Simulations in educational psychology and research. |
| Withdrawn status | Lost status | Source of classification or shelving scheme | Damaged status | Not for loan | Collection | Home library | Current library | Date acquired | Cost, normal purchase price | Serial enumeration / chronology | Shelving control number | Total checkouts | Full call number | Barcode | Date last seen | Price effective from | Koha item type | Public note |
|---|---|---|---|---|---|---|---|---|---|---|---|---|---|---|---|---|---|---|
| Universal Decimal Classification | Pambookian Individual Collection | Fundamental Scientific Library | Fundamental Scientific Library | 28/12/2016 | 30000.00 | 1 CD | Pamb/3005 | FL0062365 | 28/12/2016 | 28/12/2016 | Գրքեր / Books | ILL Non-Circ. |
ՀՀ Գիտությունների ազգային ակադեմիայի հիմնարար գիտական գրադարան = Fundamental Scientific Library of NAS RA
All site content, except where otherwise noted, is licensed under a